Triumfatorzy Pucharu Mistrzów / Ligi Mistrzów - nagła śmierć. - Statystyki

Ogólne statystyki
  • Ten quiz został rozwiązany 586 razy
    585 od ostatniego zresetowania
  • Średni wynik to 10 z 23
Answers on the Grid
Answers color-coded by a green-red scale on the quiz's grid according to % correct below.
Real Madryt
FC Barcelona
Atletico Madryt
Benfica Lizbona
FC Porto
Aston Villa
Nottingham Forest
Liverpool
Manchester United
Manchester City
Chelsea
Ajax Amsterdam
PSV Eindhoven
Feyenoord Rotterdam
Olympique Marsylia
AC Milan
Inter Mediolan
Juventus
Bayern Monachium
Borussia Dortmund
Hamburger SV
Celtic Glasgow
Steaua Bukareszt
Crvena Zvezda Belgrad
Paris Saint-Germain
Tottenham Hotspur
Arsenal
Valencia
AS Monaco
Bayer Leverkusen
Sampdoria Genua
AS Roma
Club Brugge
Anderlecht Bruksela
Olympique Lyon
Leeds United
Borussia Monchengladbach
AS Saint-Etienne
Panathinaikos Ateny
Dynamo Kijów
Partizan Belgrad
Eintracht Frankfurt
Stade de Reims
Fiorentina
Glasgow Rangers
 
Statystyki odpowiedzi
Odpowiedź % Poprawnych
AC Milan
60%
FC Barcelona
60%
Real Madryt
58%
Juventus
57%
Liverpool
57%
Bayern Monachium
56%
Chelsea
55%
Manchester City
54%
Manchester United
54%
FC Porto
52%
Inter Mediolan
52%
Ajax Amsterdam
46%
Nottingham Forest
45%
Borussia Dortmund
42%
Crvena Zvezda Belgrad
41%
Olympique Marsylia
41%
Steaua Bukareszt
40%
Benfica Lizbona
39%
PSV Eindhoven
32%
Hamburger SV
29%
Aston Villa
27%
Celtic Glasgow
27%
Feyenoord Rotterdam
24%
Nie znaleziono quizów pasujących do podanych kryteriów
Rozkład punktacji
Procent ludzi z każdym wynikiem
Percentyl według liczby udzielonych odpowiedzi
Twoja historia wyników
Nie rozwiązałeś tego quizu od ostatniego zresetowania